Statistics for 2024 Auckland Airport Destinations

Click here to take the quiz!

General Stats

  • This quiz has been taken 34 times
    (18 since last reset)
  • The average score is 34 of 66

Answer Stats

HintAnswer% Correct
Air New Zealand, JetstarMelbourne
92%
LATAM ChileSantiago
92%
Air New Zealand, China EasternShanghai
92%
Air New Zealand, Jetstar,
LATAM Chile, Qantas,
China Eastern
Sydney
92%
Air New ZealandTokyo
92%
China Airlines, Jetstar,
Qantas, Air New Zealand
Brisbane
85%
Qatar AirwaysDoha
85%
EmiratesDubai
85%
Air New Zealand, United, American,
Delta
Los Angeles
85%
Air New Zealand, Batik AirPerth
85%
Air New Zealand, UnitedSan Francisco
85%
Air New Zealand, Singapore AirlinesSingapore
85%
Air New Zealand, JetstarWellington
85%
Air ChinaBeijing
77%
Air New Zealand, Korean AirSeoul
77%
Air New Zealand, Air CanadaVancouver
77%
Air New ZealandChicago
69%
Air New Zealand, JetstarChristchurch
69%
American AirlinesDallas/Fort Worth
69%
Cathay Pacific, Air New ZealandHong Kong
69%
Air New Zealand, Hawaiian AirlinesHonolulu
69%
Malaysian AirlinesKuala Lumpur
69%
Air New Zealand, QantasNew York
69%
Air New ZealandAdelaide
62%
Air New ZealandApia
62%
Air New Zealand, JetstarDunedin
62%
China Southern AirlinesGuangzhou
62%
Air New Zealand, Fiji AirwaysNadi
62%
Air New ZealandTaipei
62%
Air New ZealandHouston
54%
Hainan AirlinesShenzhen
54%
Air New ZealandBali/Denpasar
46%
Air New ZealandCairns
46%
Sichuan AirlinesChengdu
46%
Jetstar, Air New ZealandGold Coast
46%
Air New ZealandHobart
46%
Air New ZealandNapier
46%
Air New ZealandNelson
46%
Air New Zealand, Air CalinNoumea
46%
Air New ZealandNuku'alofa/Tongatapu
46%
Air New ZealandPalmerston North
46%
Air New Zealand, Air Tahiti NuiPapeete
46%
Air VanuatuPort Vila
46%
Air New Zealand, JetstarQueenstown
46%
Air New ZealandGisborne
38%
Air New ZealandRotorua
38%
Air New ZealandBlenheim
31%
Air ChathamsChatham Islands
31%
China EasternHangzhou
31%
Air New ZealandInvercargill
31%
Air New ZealandSunshine Coast
31%
Air ChathamsWhanganui
31%
Hainan AirlinesHaikou
23%
Air New ZealandKerikeri
23%
Air New ZealandNew Plymouth
23%
Air New ZealandNiue
23%
Chatham AirlinesNorfolk island
23%
Air New Zealand, JetstarRarotonga/Avarua
23%
Air New ZealandTaupo
23%
Air New ZealandTauranga
23%
Air New ZealandWhangārei
23%
Barrier AirClaris
8%
Barrier AirKaitaia
8%
Air ChathamsKapiti Coast/Paraparaumu
8%
Air ChathamsWhakatane
8%
Barrier AirWhitianga
8%

Score Distribution

Percentile by Number Answered

Percent of People with Each Score

Your Score History

You have not taken this quiz since the last reset